| 000 | 00802cam a2200181 i 4500 | ||
|---|---|---|---|
| 005 | 20251116103741.0 | ||
| 008 | 250721q9999 sy gr 000 0 ara d | ||
| 082 | 1 | 4 | _a210/كنج |
| 100 | 1 |
_aالكنج، عبد الرزاق. _eمؤلف. |
|
| 245 | 1 | 0 |
_aصلاة المصلين على سيد المرسلين من الأولياء والعلماء والعارفين : _bمع فضل الصلاة على رسول الله صل الله عليه وسلم / _cبقلم عبدالرحمن الكنج. |
| 264 | 3 | 1 |
_aحلب : _b[غير معرف]، _c[بين1990و 2000]. |
| 300 | _a207 صفحة. | ||
| 650 | 1 | 7 | _aالإسلام. |
| 650 | 1 | 7 | _aالصلاة على رسول الله صلى الله عليه و سلم. |
| 650 | 1 | 7 | _aالأدعية. |
| 942 |
_2ddc _cBK |
||
| 999 |
_c77159 _d77159 |
||